Socialismo católico: los economistas, los socialistas y el cristianismo

Gespeichert in:
Bibliographische Detailangaben
1. Verfasser: Segretain, E. A (VerfasserIn)
Format: Buch
Sprache:Spanisch
Veröffentlicht: Madrid Manuel Pita 1850
Schriftenreihe:Biblioteca de el Católico, 8
Schlagworte:
Tags: Tag hinzufügen
Keine Tags, Fügen Sie den ersten Tag hinzu!

MARC

LEADER 00000nam a2200000 a 4500
001 UCI5823
003 CL-VaPUC
008 080411e18500000SP |||||||||||||||||spa|d
082 0 4 |a 261.1  |b SEC  |2 21 
100 0 |a Segretain, E. A  |e author  |9 528472 
245 1 0 |a Socialismo católico: los economistas, los socialistas y el cristianismo 
300 |a 229 p 
942 |c BK 
945 |d 20080411 00:00:00  |a rbrito 
260 |a Madrid  |b Manuel Pita  |c 1850 
650 0 |a Teología social de la Iglesia  |9 378196 
650 0 |a Socialismo  |9 255260 
650 0 |a Cristianismo  |9 257361 
583 |a last modification  |c 20080411 00:00:00  |k Rodrigo Vera 
490 0 |a Biblioteca de el Católico, 8 
999 |c 329507  |d 329505 
952 |0 0  |1 0  |4 0  |6 261_100000000000000_SEC_1850  |7 0  |8 P  |9 414290  |a BIBTEO  |b BIBTES  |c TEO_FTES  |d 2019-11-22  |i 4425707  |o 261.1 SEC 1850  |p 4425707  |r 2024-01-18  |w 2019-11-22  |y BK  |k ICR 
952 |0 0  |1 0  |4 0  |6 261_100000000000000_SEC_1850  |7 0  |8 P  |9 414291  |a BIBTEO  |b BIBTES  |c TEO_FTES  |d 2019-11-22  |i 4425715  |o 261.1 SEC 1850  |p 4425715  |r 2024-01-18  |w 2019-11-22  |y BK  |k ICR